| 000 | 01024cam a22003374a 4500 | ||
|---|---|---|---|
| 001 | 5469245 | ||
| 003 | OSt | ||
| 005 | 20211221152625.0 | ||
| 008 | 041126s2005 enka b 001 0 eng | ||
| 010 | _a 2004028048 | ||
| 020 | _a0415358612 | ||
| 035 | _a(OCoLC)ocm57168340 | ||
| 035 | _a(NNC)5469245 | ||
| 038 | _aKhadija | ||
| 040 |
_aDLC _cDLC _dBWKUK _dBAKER |
||
| 042 | _apcc | ||
| 050 | 0 | 0 |
_aTH1725 _b.H36 2005 |
| 082 | 0 | 0 |
_a693.834 _222 _bHAN |
| 100 | 1 |
_aHansen, Colin H., _d1951- _986881 |
|
| 245 | 1 | 0 |
_aNoise Control : _bFrom Concept to Application / _cColin Hansen. |
| 260 |
_aLondon ; _aNew York : _bTaylor & Francis, _c2005. |
||
| 300 |
_ax, 419 p. : _bill. ; _c24 cm. |
||
| 504 | _aIncludes bibliographical references (p. [407]-414) and index. | ||
| 563 | _aPB | ||
| 650 | 0 |
_aSoundproofing. _986882 |
|
| 650 | 0 |
_aNoise control. _986883 |
|
| 856 | 4 | 1 |
_3Table of contents _uhttp://www.loc.gov/catdir/toc/ecip054/2004028048.html |
| 942 |
_2ddc _cBK |
||
| 948 | 1 |
_a20051115 _bc _cas2107 _dMPS |
|
| 999 |
_c32178 _d32178 |
||